|
|
|
|
| LEADER |
00000nam a2200000 a 4500 |
| 001 |
vtls001227029 |
| 003 |
SK-MaSNL |
| 005 |
20260301064027.0 |
| 008 |
240314s1981 RU 0 rus |
| 035 |
|
|
|a SNK000174034
|
| 040 |
|
|
|a SNK
|b slo
|c SNK
|e AACR2
|
| 041 |
0 |
|
|a rus
|
| 044 |
|
|
|a RU
|
| 100 |
1 |
|
|a Smirnova, A. D.
|4 aut
|9 380686
|
| 245 |
1 |
0 |
|a Ličnaja biblioteka A. M. Gorkogo v Moskve
|n Kn. 1
|c A. D. Smirnova, M. M. Peškova, R. G. Bejslechem
|
| 260 |
|
|
|a Moskva
|b Nauka
|c 1981
|
| 300 |
|
|
|a 410, [2] s.
|c 8°
|
| 700 |
1 |
|
|a Peškova, M. M.
|4 aut
|9 380687
|
| 700 |
1 |
|
|a Bejslechem, R. G.
|4 aut
|9 380688
|
| 958 |
|
|
|a RK
|
| 958 |
|
|
|a OND
|
| 999 |
|
|
|c 625607
|d 627537
|
| 952 |
|
|
|t P60, <04>, [BOOK], {604}
|a SNK
|b SNK
|y VYP
|7 0
|o snkIC 87989/1
|i snkV 1256/82
|0 0
|1 0
|4 0
|d 1996-04-30
|l 0
|r 2005-01-01 00:00:00
|w 2026-02-23
|